Physical pharmacy (Record no. 19354)

MARC details
000 -LEADER
fixed length control field 00461nam a2200181Ia 4500
008 - FIXED-LENGTH DATA ELEMENTS--GENERAL INFORMATION
fixed length control field 230917s9999||||xx |||||||||||||| ||und||
020 ## - ISBN
Price RS350
040 ## - CATALOGING SOURCE
-- 235026
Original cataloging agency VIVEKANANDA LIBRARY
041 ## - Language
-- English
082 ## - DDC NUMBER
Classification number 615.19 A15P(2)
100 ## - MAIN ENTRY--PERSONAL NAME
Personal name Agarwal, S P
245 #0 - TITLE STATEMENT
Title Physical pharmacy
250 ## - EDITION STATEMENT
Edition statement 2nd ed.
260 ## - PUBLICATION, DISTRIBUTION, ETC. (IMPRINT)
Place of publication, distribution, etc New Delhi
Name of publisher, distributor, etc CBS Publishers
Date of publication, distribution, etc 2015
300 ## - PHYSICAL DESCRIPTION
Pages ix, 330 p.
500 ## - GENERAL NOTE
General note 2398 05/10/2016 HBD16/6684 06/10/2016 Main Budget
942 ## - ADDED ENTRY ELEMENTS (KOHA)
Koha item type Books
Holdings
Withdrawn status Lost status Damaged status Not for loan Location (home branch) Sublocation or collection (holding branch) Date acquired Koha issues (times borrowed) Koha full call number Accession No. Koha date last seen Koha item type Source of classification or shelving scheme
        VIVEKANANDA LIBRARY VIVEKANANDA LIBRARY 22/11/2016 1 615.19 A15P(2) 353986 23/01/2024 Books  
Withdrawn Lost and paid for     VIVEKANANDA LIBRARY VIVEKANANDA LIBRARY 22/11/2016   615.19 A15P(2) 353987 17/09/2023 Books Dewey Decimal Classification
        VIVEKANANDA LIBRARY VIVEKANANDA LIBRARY 22/11/2016 1 615.19 A15P(2) 353988 21/11/2023 Books  
        VIVEKANANDA LIBRARY VIVEKANANDA LIBRARY 22/11/2016   615.19 A15P(2) 353989 17/09/2023 Books  
        VIVEKANANDA LIBRARY VIVEKANANDA LIBRARY 22/11/2016 2 615.19 A15P(2) 353990 28/12/2023 Books  
© Designed and Maintained by Vivekananda Library, MDU Rohtak